[Event "Asian Continental-ch Women 2019"]
[Site "XingTai"]
[Date "2019.06.10"]
[Round "4.24"]
[White "Ren, Xiaoyi"]
[Black "Vaishali R"]
[Result "1/2-1/2"]
[WhiteElo "2255"]
[BlackElo "2338"]
[Annotator "NA"]
[PlyCount "168"]
[EventDate "2019.06.06"]
[EventType "swiss"]
[EventCountry "CHN"]
[SourceTitle "playchess.com"]
[Source "ChessBase"]
[SourceQuality "1"]
[TimeControl "40/5400+30:1800+30"]

1. d4 {[%emt 0:00:00]} Nf6 {[%emt 0:00:00]} 2. c4 {[%emt 0:00:00]} e6 {[%emt 0:00:00]} 3. Nf3 {[%emt 0:00:00]} Bb4+ {[%emt 0:00:03]} 4. Bd2 {[%emt 0:00:15]} Qe7 {[%emt 0:00:05]} 5. a3 {[%emt 0:00:35]} Bxd2+ {[%emt 0:00:07]} 6. Nbxd2 {[%emt 0:00:09]} d6 {[%emt 0:00:44]} 7. e4 {[%emt 0:02:45]} e5 {[%emt 0:00:44]} 8. d5 {[%emt 0:03:49]} a5 {[%emt 0:03:43]} 9. b4 {[%emt 0:05:16]} O-O {[%emt 0:03:30]} 10. g3 {[%emt 0:04:47]} axb4 {[%emt 0:07:49]} 11. axb4 {[%emt 0:00:07]} Rxa1 {[%emt 0:00:08]} 12. Qxa1 {[%emt 0:00:04]} Na6 {[%emt 0:00:28]} 13. Qc3 {[%emt 0:01:35]} Qe8 {[%emt 0:10:32]} 14. Bd3 {[%emt 0:19:11]} Qa4 {[%emt 0:21:36]} 15. b5 {[%emt 0:01:58]} Qb4 {[%emt 0:01:24]} 16. Qxb4 {[%emt 0:05:42]} Nxb4 {[%emt 0:00:03]} 17. Bb1 {[%emt 0:02:17]} Bg4 {[%emt 0:08:02]} 18. h3 {[%emt 0:01:45]} Bxf3 {[%emt 0:00:59]} 19. Nxf3 {[%emt 0:00:09]} Ra8 {[%emt 0:00:28]} 20. Kd2 {[%emt 0:09:42]} Nd7 {[%emt 0:39:35]} 21. Nh4 {[%emt 0:11:32]} Nc5 {[%emt 0:00:00]} 22. f4 {[%emt 0:00:48]} Ra3 {[%emt 0:00:00]} 23. b6 {[%emt 0:00:37]} cxb6 {[%emt 0:00:00]} 24. Nf5 {[%emt 0:00:16]} f6 {[%emt 0:00:00]} 25. Rg1 {[%emt 0:07:17]} Rb3 {[%emt 0:00:00]} 26. Nxd6 {[%emt 0:01:13]} Rb2+ {[%emt 0:00:00]} 27. Ke3 {[%emt 0:00:14]} Nb3 {[%emt 0:00:00]} 28. fxe5 {[%emt 0:07:47]} fxe5 {[%emt 0:00:00]} 29. Nb5 {[%emt 0:06:54]} Kf8 {[%emt 0:00:00]} 30. Rd1 {[%emt 0:01:18]} Ke7 {[%emt 0:00:00]} 31. Bd3 {[%emt 0:03:26]} Nc5 {[%emt 0:00:00]} 32. Bb1 {[%emt 0:00:12]} Nc2+ {[%emt 0:02:53]} 33. Bxc2 {[%emt 0:01:07]} Rxc2 {[%emt 0:00:01]} 34. d6+ {[%emt 0:04:13]} Kd7 {[%emt 0:00:20]} 35. Rd5 {[%emt 0:00:00]} Rxc4 {[%emt 0:01:20]} 36. Rxe5 {[%emt 0:00:00]} Kc6 {[%emt 0:00:41]} 37. g4 {[%emt 0:00:55]} Rb4 {[%emt 0:02:00]} 38. Nd4+ {[%emt 0:00:23]} Kxd6 {[%emt 0:00:15]} 39. Rd5+ {[%emt 0:00:04]} Ke7 {[%emt 0:01:14]} 40. Nf5+ {[%emt 0:00:00]} Kf7 {[%emt 0:00:00]} 41. Nd4 {[%emt 0:03:22]} g6 {[%emt 0:08:24]} 42. h4 {[%emt 0:02:40]} Rb1 {[%emt 0:02:22]} 43. Nf3 {[%emt 0:00:41]} Rb3+ {[%emt 0:01:33]} 44. Kf4 {[%emt 0:00:20]} Ne6+ {[%emt 0:02:50]} 45. Ke5 {[%emt 0:01:30]} Ke7 {[%emt 0:01:26]} 46. Nd4 {[%emt 0:03:47]} Nxd4 {[%emt 0:00:23]} 47. Rxd4 {[%emt 0:00:10]} Rb5+ {[%emt 0:01:40]} 48. Kf4 {[%emt 0:00:11]} Rc5 {[%emt 0:01:07]} 49. Ra4 {[%emt 0:01:04]} Kd6 {[%emt 0:02:28]} 50. Rd4+ {[%emt 0:00:46]} Ke6 {[%emt 0:00:32]} 51. Ra4 {[%emt 0:00:34]} Rc6 {[%emt 0:05:36]} 52. Rb4 {[%emt 0:01:34]} Kd6 {[%emt 0:00:48]} 53. Rb5 {[%emt 0:00:11]} Kc7 {[%emt 0:01:57]} 54. Rb4 {[%emt 0:05:25]} Rc5 {[%emt 0:00:35]} 55. Rd4 {[%emt 0:01:14]} b5 {[%emt 0:00:27]} 56. Rd3 {[%emt 0:00:05]} Kc6 {[%emt 0:03:36]} 57. e5 {[%emt 0:00:43]} Rd5 {[%emt 0:00:15]} 58. Re3 {[%emt 0:01:09]} Kd7 {[%emt 0:00:39]} 59. Kg5 {[%emt 0:02:40]} Ke6 {[%emt 0:00:08]} 60. Kh6 {[%emt 0:00:03]} Rd4 {[%emt 0:00:50]} 61. Rg3 {[%emt 0:00:49]} Rd7 {[%emt 0:02:22]} 62. Rb3 {[%emt 0:01:25]} Kxe5 {[%emt 0:00:11]} 63. Rxb5+ {[%emt 0:00:02]} Kd4 {[%emt 0:00:58]} 64. Rb1 {[%emt 0:00:34]} Kc3 {[%emt 0:01:19]} 65. Rb6 {[%emt 0:00:10]} Kc4 {[%emt 0:00:06]} 66. Rb1 {[%emt 0:00:05]} b5 {[%emt 0:00:17]} 67. Rc1+ {[%emt 0:00:14]} Kb4 {[%emt 0:00:11]} 68. h5 {[%emt 0:01:07]} gxh5 {[%emt 0:00:32]} 69. gxh5 {[%emt 0:00:04]} Ka3 {[%emt 0:00:16]} 70. Ra1+ {[%emt 0:00:54]} Kb2 {[%emt 0:00:14]} 71. Rg1 {[%emt 0:00:20]} b4 {[%emt 0:00:09]} 72. Rg7 {[%emt 0:00:14]} Rd5 {[%emt 0:02:06]} 73. Rxh7 {[%emt 0:00:18]} Rb5 {[%emt 0:00:48]} 74. Rf7 {[%emt 0:00:11]} b3 {[%emt 0:00:06]} 75. Rf3 {[%emt 0:00:19]} Kc2 {[%emt 0:00:16]} 76. Kg6 {[%emt 0:00:38]} b2 {[%emt 0:00:19]} 77. Rf2+ {[%emt 0:00:06]} Kd3 {[%emt 0:00:05]} 78. Rxb2 {[%emt 0:00:06]} Rxb2 {[%emt 0:00:02]} 79. h6 {[%emt 0:00:03]} Rg2+ {[%emt 0:00:52]} 80. Kf7 {[%emt 0:00:30]} Rh2 {[%emt 0:00:04]} 81. Kg7 {[%emt 0:00:04]} Ke4 {[%emt 0:00:05]} 82. h7 {[%emt 0:00:06]} Rg2+ {[%emt 0:00:04]} 83. Kf7 {[%emt 0:00:14]} Rh2 {[%emt 0:00:03]} 84. Kg7 {[%emt 0:16:56]} Ke5 {[%emt 0:04:15]} 1/2-1/2

[Event "Asian Continental-ch Women 2019"]
[Site "XingTai"]
[Date "2019.06.10"]
[Round "4.25"]
[White "Mahalakshmi, M."]
[Black "Li, Yunshan"]
[Result "1/2-1/2"]
[WhiteElo "2245"]
[BlackElo "2264"]
[Annotator "NA"]
[PlyCount "68"]
[EventDate "2019.06.06"]
[EventType "swiss"]
[EventCountry "CHN"]
[SourceTitle "playchess.com"]
[Source "ChessBase"]
[SourceQuality "1"]
[TimeControl "40/5400+30:1800+30"]

1. d4 {[%emt 0:00:00]} d5 {[%emt 0:00:00]} 2. c4 {[%emt 0:00:00]} c6 {[%emt 0:00:00]} 3. Nf3 {[%emt 0:00:00]} Nf6 {[%emt 0:00:00]} 4. Nc3 {[%emt 0:00:03]} dxc4 {[%emt 0:00:08]} 5. a4 {[%emt 0:00:07]} Bf5 {[%emt 0:00:17]} 6. Ne5 {[%emt 0:00:15]} Nbd7 {[%emt 0:00:17]} 7. Nxc4 {[%emt 0:00:22]} Nb6 {[%emt 0:00:13]} 8. Ne5 {[%emt 0:00:22]} a5 {[%emt 0:00:25]} 9. f3 {[%emt 0:00:43]} Nfd7 {[%emt 0:00:49]} 10. Nxd7 {[%emt 0:00:56]} Bxd7 {[%emt 0:09:10]} 11. e4 {[%emt 0:06:08]} e6 {[%emt 0:00:44]} 12. Be2 {[%emt 0:03:19]} Bd6 {[%emt 0:07:04]} 13. O-O {[%emt 0:08:06]} O-O {[%emt 0:00:56]} 14. e5 {[%emt 0:04:43]} Be7 {[%emt 0:02:59]} 15. Be3 {[%emt 0:01:33]} Nd5 {[%emt 0:12:18]} 16. Nxd5 {[%emt 0:02:51]} cxd5 {[%emt 0:00:05]} 17. Qb3 {[%emt 0:01:17]} Rb8 {[%emt 0:00:39]} 18. f4 {[%emt 0:03:13]} b5 {[%emt 0:12:02]} 19. axb5 {[%emt 0:06:05]} Bxb5 {[%emt 0:02:00]} 20. Bxb5 {[%emt 0:05:14]} Qb6 {[%emt 0:00:05]} 21. Qc3 {[%emt 0:02:14]} Qxb5 {[%emt 0:00:09]} 22. Rxa5 {[%emt 0:00:59]} Qxb2 {[%emt 0:11:50]} 23. Qxb2 {[%emt 0:00:52]} Rxb2 {[%emt 0:00:03]} 24. Ra7 {[%emt 0:02:36]} Bd8 {[%emt 0:03:24]} 25. f5 {[%emt 0:12:22]} Bb6 {[%emt 0:03:49]} 26. Re7 {[%emt 0:01:42]} exf5 {[%emt 0:02:11]} 27. Rxf5 {[%emt 0:01:16]} Re2 {[%emt 0:01:25]} 28. Rb7 {[%emt 0:01:21]} Rxe3 {[%emt 0:04:30]} 29. Rxb6 {[%emt 0:02:37]} Re4 {[%emt 0:01:26]} 30. Rb4 {[%emt 0:01:20]} h6 {[%emt 0:02:59]} 31. h3 {[%emt 0:01:32]} Re8 {[%emt 0:01:21]} 32. Rb7 {[%emt 0:01:20]} Rf8 {[%emt 0:00:40]} 33. Rb4 {[%emt 0:00:22]} Re8 {[%emt 0:11:24]} 34. Rb7 {[%emt 0:01:03]} Rf8 {[%emt 0:00:08]} 1/2-1/2

[Event "Asian Continental-ch Women 2019"]
[Site "XingTai"]
[Date "2019.06.11"]
[Round "5.18"]
[White "Saduakassova, Dinara"]
[Black "Sukandar, Irine Kharisma"]
[Result "1/2-1/2"]
[WhiteElo "2458"]
[BlackElo "2378"]
[Annotator "RC"]
[PlyCount "189"]
[EventDate "2019.06.06"]
[EventType "swiss"]
[EventCountry "CHN"]
[SourceTitle "playchess.com"]
[Source "ChessBase"]
[SourceQuality "1"]
[TimeControl "40/5400+30:1800+30"]

1. d4 {[%emt 0:00:00]} Nf6 {[%emt 0:00:00]} 2. c4 {[%emt 0:00:00]} e6 {[%emt 0:00:09]} 3. g3 {[%emt 0:00:13]} d5 {[%emt 0:01:05]} 4. Nf3 {[%emt 0:00:14]} Be7 {[%emt 0:00:45]} 5. Bg2 {[%emt 0:00:06]} O-O {[%emt 0:00:17]} 6. O-O {[%emt 0:00:04]} dxc4 {[%emt 0:00:23]} 7. Qc2 {[%emt 0:00:24]} b6 {[%emt 0:00:17]} 8. Bg5 {[%emt 0:01:33]} Nd5 {[%emt 0:00:27]} 9. Bxe7 {[%emt 0:01:25]} Qxe7 {[%emt 0:00:05]} 10. Nbd2 {[%emt 0:04:28]} b5 {[%emt 0:00:25]} 11. b3 {[%emt 0:03:23]} c3 {[%emt 0:00:48]} 12. Nb1 {[%emt 0:06:18]} b4 {[%emt 0:06:06]} 13. a3 {[%emt 0:00:46]} Nc6 {[%emt 0:16:32]} 14. axb4 {[%emt 0:09:19]} Ncxb4 {[%emt 0:00:56]} 15. Qc1 {[%emt 0:00:12]} Ba6 {[%emt 0:10:26]} 16. Re1 {[%emt 0:06:14]} c2 {[%emt 0:06:26]} 17. Na3 {[%emt 0:00:07]} Nc3 {[%emt 0:08:00]} 18. Qd2 {[%emt 0:00:26]} c1=Q {[%emt 0:04:14]} 19. Raxc1 {[%emt 0:00:11]} Nba2 {[%emt 0:00:13]} 20. Ra1 {[%emt 0:02:50]} Qxa3 {[%emt 0:03:22]} 21. Qxc3 {[%emt 0:00:10]} Nxc3 {[%emt 0:00:13]} 22. Rxa3 {[%emt 0:00:03]} Bb7 {[%emt 0:06:08]} 23. Ne5 {[%emt 0:03:47]} Bxg2 {[%emt 0:00:28]} 24. Kxg2 {[%emt 0:00:11]} Rfb8 {[%emt 0:00:38]} 25. e3 {[%emt 0:03:28]} Nb5 {[%emt 0:03:37]} 26. Ra6 {[%emt 0:03:18]} Rb6 {[%emt 0:07:06]} 27. Rea1 {[%emt 0:02:37]} Rxa6 {[%emt 0:04:37]} 28. Rxa6 {[%emt 0:00:16]} Rb8 {[%emt 0:00:29]} 29. Nd7 {[%emt 0:01:24]} Rd8 {[%emt 0:04:46]} 30. Nc5 {[%emt 0:03:04]} h6 {[%emt 0:01:18]} 31. f4 {[%emt 0:06:24]} Rd6 {[%emt 0:02:47]} 32. Ra5 {[%emt 0:00:29]} Rb6 {[%emt 0:00:07]} 33. Kf3 {[%emt 0:01:08]} g6 {[%emt 0:03:10]} 34. Nd7 {[%emt 0:03:36]} Rb7 {[%emt 0:00:18]} 35. g4 {[%emt 0:02:57]} Kg7 {[%emt 0:01:01]} 36. Nc5 {[%emt 0:02:54]} Rb6 {[%emt 0:00:07]} 37. h4 {[%emt 0:02:21]} Rb8 {[%emt 0:02:21]} 38. h5 {[%emt 0:04:56]} Rb6 {[%emt 0:04:57]} 39. Nd7 {[%emt 0:03:14]} Rb7 {[%emt 0:00:20]} 40. Ra6 {[%emt 0:00:00]} gxh5 {[%emt 0:00:00]} 41. gxh5 {[%emt 0:02:00]} Kh7 {[%emt 0:10:24]} 42. Ra1 {[%emt 0:07:04]} Kh8 {[%emt 0:00:51]} 43. Nc5 {[%emt 0:02:58]} Rb6 {[%emt 0:00:34]} 44. Ke4 {[%emt 0:02:52]} Rd6 {[%emt 0:01:39]} 45. Ra5 {[%emt 0:01:48]} c6 {[%emt 0:01:14]} 46. Kf3 {[%emt 0:06:07]} Rd5 {[%emt 0:02:46]} 47. Kg4 {[%emt 0:02:22]} Kg7 {[%emt 0:00:26]} 48. Ra6 {[%emt 0:01:05]} Rd6 {[%emt 0:00:13]} 49. Nb7 {[%emt 0:04:30]} Rd7 {[%emt 0:00:55]} 50. Nc5 {[%emt 0:01:10]} Rd6 {[%emt 0:00:22]} 51. Nd3 {[%emt 0:01:12]} Kf8 {[%emt 0:06:41]} 52. Ne5 {[%emt 0:00:59]} Ke7 {[%emt 0:06:17]} 53. Rxc6 {[%emt 0:02:44]} Rd8 {[%emt 0:03:03]} 54. Ra6 {[%emt 0:05:30]} Rg8+ {[%emt 0:00:52]} 55. Kf3 {[%emt 0:00:05]} Rg1 {[%emt 0:00:38]} 56. Ra5 {[%emt 0:00:41]} a6 {[%emt 0:00:20]} 57. Rxa6 {[%emt 0:00:06]} Rb1 {[%emt 0:00:23]} 58. Nc6+ {[%emt 0:05:39]} Kf6 {[%emt 0:00:15]} 59. b4 {[%emt 0:02:36]} Rb3 {[%emt 0:00:27]} 60. Ra5 {[%emt 0:02:17]} Nd6 {[%emt 0:02:11]} 61. Ra7 {[%emt 0:01:27]} Kg7 {[%emt 0:03:06]} 62. Kf2 {[%emt 0:04:52]} Ne4+ {[%emt 0:00:22]} 63. Ke2 {[%emt 0:00:08]} Nc3+ {[%emt 0:01:05]} 64. Kd2 {[%emt 0:01:33]} Ne4+ {[%emt 0:00:11]} 65. Ke2 {[%emt 0:00:45]} Nc3+ {[%emt 0:00:05]} 66. Kf1 {[%emt 0:03:40]} Nd5 {[%emt 0:00:27]} 67. e4 {[%emt 0:01:06]} Nxf4 {[%emt 0:00:16]} 68. Ne5 {[%emt 0:00:16]} Rb1+ {[%emt 0:00:42]} 69. Kf2 {[%emt 0:00:07]} Nh3+ {[%emt 0:00:07]} 70. Ke3 {[%emt 0:00:40]} Rb3+ {[%emt 0:01:08]} 71. Ke2 {[%emt 0:00:33]} Ng5 {[%emt 0:00:39]} 72. Rb7 {[%emt 0:00:17]} Kg8 {[%emt 0:00:59]} 73. b5 {[%emt 0:00:56]} Nxe4 {[%emt 0:00:12]} 74. Nxf7 {[%emt 0:00:43]} Rxb5 {[%emt 0:00:47]} 75. Nxh6+ {[%emt 0:00:44]} Kf8 {[%emt 0:00:26]} 76. Rxb5 {[%emt 0:00:44]} Nc3+ {[%emt 0:00:01]} 77. Ke3 {[%emt 0:00:16]} Nxb5 {[%emt 0:00:04]} 78. Ke4 {[%emt 0:00:20]} Kg7 {[%emt 0:00:14]} 79. Ng4 {[%emt 0:00:04]} Nc3+ {[%emt 0:00:57]} 80. Ke5 {[%emt 0:00:05]} Ne2 {[%emt 0:00:33]} 81. h6+ {[%emt 0:01:28]} Kg6 {[%emt 0:00:47]} 82. Ke4 {[%emt 0:00:10]} Ng3+ {[%emt 0:00:51]} 83. Kf4 {[%emt 0:00:10]} Ne2+ {[%emt 0:00:26]} 84. Ke5 {[%emt 0:00:03]} Kh7 {[%emt 0:00:22]} 85. Ke4 {[%emt 0:00:18]} Kg6 {[%emt 0:00:23]} 86. Kd3 {[%emt 0:00:23]} Ng3 {[%emt 0:00:30]} 87. Ke3 {[%emt 0:00:14]} Nf5+ {[%emt 0:00:34]} 88. Ke4 {[%emt 0:00:03]} Ng3+ {[%emt 0:00:11]} 89. Kf4 {[%emt 0:00:20]} Ne2+ {[%emt 0:00:14]} 90. Ke5 {[%emt 0:00:03]} Kh7 {[%emt 0:00:10]} 91. Kxe6 {[%emt 0:00:48]} Nxd4+ {[%emt 0:00:12]} 92. Kf6 {[%emt 0:00:04]} Nf3 {[%emt 0:00:24]} 93. Ne5 {[%emt 0:00:03]} Nxe5 {[%emt 0:00:05]} 94. Kxe5 {[%emt 0:00:02]} Kxh6 {[%emt 0:00:01]} 95. Ke4 {[%emt 0:05:50]} 1/2-1/2

[Event "Asian Continental-ch Women 2019"]
[Site "XingTai"]
[Date "2019.06.11"]
[Round "5.19"]
[White "Kurbonboeva, Sarvinoz"]
[Black "Kulkarni Bhakti"]
[Result "0-1"]
[WhiteElo "2259"]
[BlackElo "2380"]
[Annotator "TA"]
[PlyCount "124"]
[EventDate "2019.06.06"]
[EventType "swiss"]
[EventCountry "CHN"]
[SourceTitle "playchess.com"]
[Source "ChessBase"]
[SourceQuality "1"]

{[%evp 18,124,48,35,62,0,0,0,0,0,0,-14,-1,-16,-12,-17,0,-7,0,-16,-20,-6,-11,-12,-3,-6,-6,-6,-9,-6,0,0,0,-36,0,-9,-12,-12,-10,-103,-9,-10,0,0,0,0,0,0,0,0,0,0,0,0,0,0,0,0,0,0,0,0,0,0,0,0,29,28,22,0,0,0,0,0,0,0,0,-43,-30,-48,-46,-40,-43,-41,-44,-364,-331,-737,-737,-538,-324,-981,-980,-897,-881,-29961,-29964,-11597,-6762,-29969,-29971,-29971,-29973,-29972,-29974,-29971,-29972,-29968,-29965]} 1. d4 d5 2. c4 c6 3. Nf3 Nf6 4. Nc3 e6 5. g3 Be7 6. Bg2 O-O 7. O-O b6 8. Ne5 Bb7 9. e4 dxc4 10. Nxc4 b5 {E06: Closed Catalan: Early deviations} 11. e5 $146 (11. Ne3 $14) ({Predecessor:} 11. Ne5 Nbd7 12. Nd3 Rc8 13. Be3 b4 14. Na4 Ba6 15. Re1 Qa5 16. b3 Rfd8 17. Ndb2 e5 18. dxe5 Nxe5 {0-1 (46) Jankovic,A (2591)-Castellanos Rodriguez,R (2491) Tallinn 2016}) 11... bxc4 $11 12. exf6 Bxf6 {The position is equal.} 13. Be3 Nd7 14. Ne4 Be7 15. Qc2 Ba6 16. Rfd1 Rc8 17. Bf1 Qa5 18. Bxc4 Bxc4 19. Qxc4 Nb6 20. Qe2 Qb5 (20... Rfd8 {with more complications.} 21. Qf3 Nd5 22. b3 h6 23. Bd2 Qa3) 21. Nc3 Qxe2 22. Nxe2 Nc4 $36 {[%mdl 2048] White is under pressure.} 23. Bc1 Rfd8 24. b3 Nb6 25. Bb2 Bf6 26. Rac1 c5 27. dxc5 {aiming for Rxd8+.} Bxb2 28. Rxd8+ Rxd8 29. Rc2 $1 Ba3 30. cxb6 axb6 {[%mdl 4096] Endgame KRB-KRN} 31. Rc6 Rd2 32. Kf1 Rxa2 33. Rxb6 Rb2 34. Rb8+ Bf8 35. h4 g6 36. Nf4 Kg7 37. Rb7 Kg8 38. Nd3 Rd2 39. Rd7 f6 40. Kg2 h5 41. Kf3 Ba3 42. Ke3 Rd1 43. Ke2 Rb1 44. b4 e5 45. f3 Bb2 46. Ke3 Bd4+ 47. Ke4 Rd1 {Strongly threatening ...f5+.} 48. g4 {[#]} f5+ $1 {[%mdl 576] Deflection} 49. gxf5 gxf5+ 50. Kxf5 Rxd3 $15 {KRB-KR} 51. Kg6 $2 {[%mdl 8192]} (51. f4 $15 Rf3 52. Kg6 Rxf4 53. Rd8+ Rf8 54. Rd7) 51... Rxf3 $19 52. b5 $2 (52. Rd8+ Rf8 53. Rd7) 52... Kf8 53. Kxh5 Rf7 54. Rd5 $2 (54. Rd6) 54... Ke7 {( -> ...Ke6)} 55. Kg4 Rf4+ 56. Kg5 Rf8 57. b6 Ke6 58. Rb5 Rg8+ {Black mates.} 59. Kh5 Kf5 {[%cal Rg8h8]} 60. Kh6 Rg6+ {[%mdl 64] [#] Double Attack} 61. Kh7 Rxb6 62. Rd5 Kg4 {Accuracy: White = 52%, Black = 67%.} 0-1

[Event "Asian Continental-ch Women 2019"]
[Site "XingTai"]
[Date "2019.06.11"]
[Round "5.20"]
[White "Pham, Le Thao Nguyen"]
[Black "Li, Xueyi"]
[Result "0-1"]
[WhiteElo "2370"]
[BlackElo "2305"]
[Annotator "NA RC"]
[PlyCount "138"]
[EventDate "2019.06.06"]
[EventType "swiss"]
[EventCountry "CHN"]
[SourceTitle "playchess.com"]
[Source "ChessBase"]
[SourceQuality "1"]
[TimeControl "40/5400+30:1800+30"]

1. d4 {[%emt 0:00:00]} d5 {[%emt 0:00:00]} 2. Nf3 {[%emt 0:00:00]} Nf6 {[%emt 0:00:11]} 3. g3 {[%emt 0:00:40]} Bf5 {[%emt 0:02:03]} 4. Bg2 {[%emt 0:00:33]} e6 {[%emt 0:04:32]} 5. O-O {[%emt 0:01:00]} h6 {[%emt 0:01:32]} 6. c4 {[%emt 0:02:34]} c6 {[%emt 0:00:17]} 7. Qb3 {[%emt 0:01:49]} Qb6 {[%emt 0:00:56]} 8. c5 {[%emt 0:01:13]} Qa6 {[%emt 0:01:02] D11: Slav Defence: 3 Nf3 sidelines and 3...Nf6 4 e3 Bg4} 9. Re1 {[%emt 0:01:19]} b6 {[%emt 0:01:38]} 10. cxb6 {[%emt 0:04:28]} axb6 {[%emt 0:00:19]} 11. Nc3 {[%emt 0:00:51]} Be7 {[%emt 0:04:17]} 12. Ne5 {[%emt 0:08:42]} O-O $146 {[%emt 0:06:55]} ({Predecessor:} 12... Bh7 13. e4 Ra7 14. exd5 exd5 15. Nxc6 Nxc6 16. Nxd5 Nxd5 17. Qxd5 {½-½ (47) Stefanova,A (2365)-Skomorokhin,R (2450) Groningen 1996}) 13. Bf4 {[%emt 0:02:57]} c5 {[%emt 0:16:28]} 14. dxc5 {[%emt 0:06:45]} bxc5 {[%emt 0:03:43]} 15. e4 {[%emt 0:01:25]} Nxe4 {[%emt 0:01:22] [#]} (15... dxe4 $11 16. f3 (16. Bxe4 Nxe4 17. Nxe4 f6 $17) 16... Nbd7 17. Nxd7 Nxd7) 16. Nxe4 {[%emt 0:00:36]} ({And not} 16. Bxe4 dxe4 17. g4 Bh7 $17) (16. Nxd5 $1 $16 {[%mdl 512]} exd5 17. Qxd5) 16... Bxe4 {[%emt 0:00:41]} 17. Bxe4 {[%emt 0:02:59]} dxe4 {[%emt 0:01:45]} 18. Rxe4 {[%emt 0:00:40]} Nc6 {[%emt 0:03:47]} 19. Nxc6 {[%emt 0:03:47]} Qxc6 {[%emt 0:00:06]} 20. Rae1 {[%emt 0:00:45]} Bf6 {[%emt 0:02:48]} 21. a3 {[%emt 0:08:59]} Qd5 {[%emt 0:04:13]} 22. Qc2 {[%emt 0:01:14]} Bd4 {[%emt 0:08:55]} 23. Be5 {[%emt 0:03:23]} Rfd8 {[%emt 0:01:21]} 24. Qe2 {[%emt 0:08:47]} Ra7 {[%emt 0:02:44]} 25. Rg4 {[%emt 0:08:18]} Bxe5 {[%emt 0:10:19]} 26. Qxe5 {[%emt 0:03:28]} Qxe5 {[%emt 0:00:07]} 27. Rxe5 {[%emt 0:00:08]} Rd1+ {[%emt 0:00:02]} 28. Kg2 {[%emt 0:00:21]} Rd2 {[%emt 0:00:10]} 29. Rxc5 {[%emt 0:01:12]} Rxb2 {[%emt 0:00:15]} 30. a4 {[%emt 0:00:18]} Ra2 {[%emt 0:00:58]} 31. Rcc4 $15 {[%emt 0:01:14]} e5 {[%emt 0:01:06]} 32. Rge4 {[%emt 0:02:57]} f6 {[%emt 0:00:39]} 33. h4 {[%emt 0:08:55]} Rd7 {[%emt 0:00:29]} 34. Re3 {[%emt 0:00:54]} Rdd2 {[%emt 0:00:10]} 35. Rf3 {[%emt 0:00:16]} Re2 {[%emt 0:00:18]} 36. Rc8+ {[%emt 0:00:55]} Kf7 {[%emt 0:06:47]} 37. Rc7+ {[%emt 0:00:15]} Ke6 {[%emt 0:01:01]} 38. Rxg7 {[%emt 0:05:26]} e4 {[%emt 0:00:08]} 39. Rf4 {[%emt 0:00:26]} e3 {[%emt 0:00:39]} 40. g4 {[%emt 0:00:00]} Rxf2+ {[%emt 0:00:00]} 41. Rxf2 {[%emt 0:11:28]} Rxf2+ {[%emt 0:00:49]} 42. Kg1 {[%emt 0:00:43]} Ra2 {[%emt 0:00:27]} 43. Kf1 {[%emt 0:01:41]} Ke5 {[%emt 0:03:04]} 44. Rg6 {[%emt 0:01:36]} Rf2+ {[%emt 0:03:28]} 45. Ke1 {[%emt 0:01:20]} Ke4 {[%emt 0:12:59]} 46. Rxh6 {[%emt 0:04:19]} f5 {[%emt 0:01:52]} 47. gxf5 {[%emt 0:07:52]} Kf3 {[%emt 0:00:09]} 48. Re6 {[%emt 0:00:45]} Ra2 {[%emt 0:00:39]} 49. Kd1 {[%emt 0:00:17]} e2+ {[%emt 0:02:12]} 50. Ke1 {[%emt 0:03:00]} Ra1+ {[%emt 0:00:06]} 51. Kd2 {[%emt 0:00:04]} Rd1+ {[%emt 0:00:18]} 52. Kc3 {[%emt 0:00:16]} e1=Q+ {[%emt 0:01:07]} 53. Rxe1 {[%emt 0:00:04]} Rxe1 {[%emt 0:00:05]} 54. Kd4 {[%emt 0:00:41]} Kg4 {[%emt 0:09:37]} 55. f6 {[%emt 0:01:38]} Rf1 {[%emt 0:00:51]} 56. a5 {[%emt 0:01:01]} Kf5 {[%emt 0:01:27]} 57. a6 {[%emt 0:04:05]} Kxf6 {[%emt 0:00:48]} 58. Kc5 {[%emt 0:00:04]} Ke7 {[%emt 0:00:07]} 59. Kc6 {[%emt 0:01:13]} Ra1 {[%emt 0:00:45]} 60. Kb7 {[%emt 0:00:21]} Kd7 {[%emt 0:00:26]} 61. a7 {[%emt 0:03:52]} Rb1+ {[%emt 0:00:06]} 62. Ka6 {[%emt 0:00:04]} Kc7 {[%emt 0:00:09]} 63. a8=N+ {[%emt 0:00:07]} Kc6 {[%emt 0:00:06]} 64. Ka7 {[%emt 0:00:03]} Rb7+ {[%emt 0:00:24]} 65. Ka6 {[%emt 0:00:03]} Rb4 {[%emt 0:00:19]} 66. Ka7 {[%emt 0:00:35]} Ra4+ {[%emt 0:00:07]} 67. Kb8 {[%emt 0:00:03]} Rxh4 {[%emt 0:00:05]} 68. Ka7 {[%emt 0:06:16]} Rh7+ {[%emt 0:00:42]} 69. Kb8 {[%emt 0:00:00]} Rg7 {[%emt 0:00:11]} 0-1

[Event "Asian Continental-ch Women 2019"]
[Site "XingTai"]
[Date "2019.06.11"]
[Round "5.21"]
[White "Dauletova, Gulmira"]
[Black "Karavade, Eesha"]
[Result "1-0"]
[WhiteElo "2252"]
[BlackElo "2370"]
[Annotator "TA"]
[PlyCount "81"]
[EventDate "2019.06.06"]
[EventType "swiss"]
[EventCountry "CHN"]
[SourceTitle "playchess.com"]
[Source "ChessBase"]
[SourceQuality "1"]

{[%evp 10,81,40,44,47,31,51,13,17,8,8,8,8,8,8,7,7,10,12,12,12,14,12,12,17,0,0,-68,41,40,32,25,29,35,22,28,27,18,77,33,43,41,64,40,64,72,149,149,149,156,159,159,140,134,807,807,807,785,723,716,1233,1103,1568,1321,8650,6777,5872,6107,29965,29965,29960,29963,12507,12507]} 1. e4 c5 2. Nf3 e6 3. d4 cxd4 4. Nxd4 Nc6 5. Nc3 Qc7 6. f4 Nxd4 {B47: Sicilian: Taimanov: 5 Nc3 Qc7 6 f4, 6 g3 and 6 Be2} 7. Qxd4 b6 8. Nb5 (8. Bd3 Bb7 9. Bd2 Nf6 10. Qf2 Bc6 11. O-O-O O-O-O 12. e5 Nd5 13. Ba6+ Kb8 14. Nb5 Bxb5 15. Bxb5 {½-½ (47) Maze,S (2602)-Rapport,R (2726) Germany 2019}) 8... Qc6 {The position is equal.} 9. Qc4 Bc5 10. b4 a6 $1 {[%cal Ra6b5]} 11. Nc3 Be7 12. Qxc6 dxc6 13. a3 a5 $146 ({Predecessor:} 13... Nf6 14. Na4 {1-0 (49) Roser,K (2413)-Lazarev,V (2410) Nancy 2013}) 14. Na4 Bd8 15. Bb2 Nf6 16. Bd3 O-O 17. O-O Ba6 18. c4 (18. Bd4 $11) 18... Bxc4 (18... b5 $15 19. Bxf6 gxf6 20. cxb5 Bxb5 21. Bxb5 cxb5) 19. Bxc4 $14 {[#] Hoping for b5.} b5 20. e5 Nd7 21. Bb3 {aiming for Nc3.} bxa4 22. Bxa4 Bb6+ 23. Kh1 Nb8 (23... Rfc8 $11 {keeps the balance.}) 24. Rfd1 axb4 25. axb4 Rd8 26. Rxd8+ Bxd8 27. b5 cxb5 (27... g6 $142) 28. Bxb5 $16 Rxa1+ 29. Bxa1 {[%mdl 4096] Endgame KBB-KBN} Bc7 30. Bd4 f6 31. f5 Bxe5 $2 {[%mdl 8192]} (31... Kf7 $16) 32. fxe6 $18 {e7 would kill now.} Bd6 {[#]} 33. Bb6 $1 {[%cal Rb6c7]} Kf8 34. Bd8 Bc5 35. g4 h5 36. h3 hxg4 37. hxg4 Be7 38. Bc7 g6 39. Bxb8 f5 40. gxf5 gxf5 41. Bd3 {Accuracy: White = 76%, Black = 39%.} 1-0